01539nam a2200373Ia 4500001001200000003000800012006001900020007001500039008004100054010001700095020003900112020003100151040002100182035002100203050002400224082002100248100002000269245015600289260005900445300002600504504005100530533015200581650003600733650003000769650003900799650003300838650004200871651003300913655002900946700003000975710001701005856012601022999001701148ebr10720825CaPaEBRm o u cr cn|||||||||121114s2013 nmua sb 001 0 eng d z 2012044737 z9780826353306 (cloth : alk. paper) z9780826353313 (electronic) aCaPaEBRcCaPaEBR a(OCoLC)84891905714aE99.B37bT43 2013eb04a978.9004/9742231 aTeague, Lynn S.10aSandals of the Basketmaker and Pueblo peoplesh[electronic resource] :bfabric structure and color symmetry /cLynn Shuler Teague, Dorothy K. Washburn. aAlbuquerque :bUniversity of New Mexico Press,cc2013. axxiii, 152 p. :bill. aIncludes bibliographical references and index. aElectronic reproduction.bPalo Alto, Calif. :cebrary,d2013.nAvailable via World Wide Web.nAccess may be limited to ebrary affiliated libraries. 0aBasket-Maker IndiansxClothing. 0aPueblo IndiansxClothing. 0aBasket-Maker IndiansxAntiquities. 0aPueblo IndiansxAntiquities. 0aSandals, PrehistoriczSouthwest, New. 0aSouthwest, NewxAntiquities. 7aElectronic books.2local1 aWashburn, Dorothy Koster.2 aebrary, Inc.40uhttp://site.ebrary.com/lib/rucke/Doc?id=10720825zAn electronic book accessible through the World Wide Web; click to view c38841d38841